000 00434nam a2200181Ia 4500
008 131103s9999 xx 000 0 und d
040 _aLoreto College
041 _aEnglish
082 _aREF
_bLCBED
245 4 _aThe indian yearbook of education
260 _aNew Delhi
_bN.C.E.R,
_c1961
300 _a937p.
_c 20cm.
504 _aIncludes index
650 _aREF
651 _aEducation
850 _aLCBED/REF
942 _cBK
999 _c34639
_d85118